000 00469nam a2200205Ia 4500
005 20250425161442.0
008 250425s9999 xx 000 0 und d
041 _aspa
082 _a552.1
100 _aTURNER, FRANCIS J.
245 0 _aPETROLOGIA IGNEA Y METAMORFICA
250 _a1A ED.
260 _aBARCELONA
260 _aEspaƱa
_bOMEGA
_c1963
300 _a726
650 _aPETROLOGIA
700 _aVERHOOGEN, JOHN
942 _c01
010 _a20684
999 _c209580
_d209580